000 00451nam a22001937i 4500
001 7796
003 OSt
005 20170126082404.0
007 tu
008 161220s xxu||||| |||| 00| 0 d
024 7 _a7796
_2RID
040 _cOSt
245 0 0 _aStatisticla Yearbook of Labour of Poland
260 _aPoland.
490 _aStatisticla Yearbook of Labour of Poland
651 _aPoland
110 2 _aCentral Statistical Office
866 0 _u2000-2001
942 _cST
999 _c6608
_d6608